[Event "Hessen-ch Gr-F 64th"]
[Site "Bad Vilbel"]
[Date "2010.04.03"]
[Round "4"]
[White "Helwer, Demetrius"]
[Black "Strobel, Sebastian"]
[Result "0-1"]
[WhiteElo "1238"]
[BlackElo "1232"]
[PlyCount "104"]
[EventDate "2010.03.31"]
[EventType "swiss"]
[EventRounds "5"]
[EventCountry "GER"]
[SourceTitle "EXT 2011"]
[Source "ChessBase"]
[SourceDate "2010.11.26"]
[SourceVersion "1"]
[SourceVersionDate "2010.11.26"]
[SourceQuality "1"]

1. e4 e6 2. d4 d5 3. e5 c5 4. c3 Nc6 5. Nf3 Qb6 6. Be2 Nge7 7. 0-0 Nf5 8. dxc5 Bxc5 9. b4 Be7 10. Na3 a6 11. Nc2 0-0 12. a3 Bd7 13. Ncd4 Nfxd4 14. Nxd4 Nxe5 15. Be3 Qc7 16. Rc1 b5 17. Nb3 Nc4 18. Bxc4 dxc4 19. Nc5 Rfd8 20. Qf3 Bc6 21. Qg4 Bf6 22. Bg5 Bxg5 23. Qxg5 a5 24. Rfd1 axb4 25. axb4 h6 26. Qh4 Rxd1+ 27. Rxd1 Ra3 28. Qd4 e5 29. Qe3 Qe7 30. Re1 Qd6 31. Qc1 Ra2 32. Rd1 Qg6 33. g3 Qc2 34. Rf1 Qxc1 35. Rxc1 Kf8 36. Re1 Rc2 37. Ne4 f6 38. f4 exf4 39. gxf4 Bxe4 40. Rxe4 Rxc3 41. Rd4 Rb3 42. Rd5 Rxb4 43. Rc5 c3 44. Rxc3 Rxf4 45. Rb3 b4 46. Kg2 Ke7 47. Kg3 Rc4 48. Kf2 Kd6 49. Ke2 Kc5 50. Rg3 g5 51. Rf3 Rc2+ 52. Kd3 Rc3+ 0-1